000 00668nam a2200289Ia 4500
005 20260324144043.0
008 008 260324s9999 xx 000 0 eng d
020 _a9781315798677
037 _aEBOOK
040 _aCRL
040 _beng
040 _cCRL
041 _2eng
041 _aeng
084 _qCRL
100 _aJames P. Carnevale
_91217900
245 0 _aCounseling Gems
245 0 _bThoughts For The Practitioner
260 _bTaylor and Francis
260 _c1989
365 _a
365 _b265
856 _uhttp://www.taylorfrancis.com/books/9781315798677
942 _cEBOOK
999 _c1824057
_d1824057